Normal view MARC view
  • Abdul Rahman Mat Ismail

Entry Personal Name

Number of records used in: 1

001 - CONTROL NUMBER

  • control field: 2353

003 - CONTROL NUMBER IDENTIFIER

  • control field: OSt

005 - DATE AND TIME OF LATEST TRANSACTION

  • control field: 20170508144241.0

008 - FIXED-LENGTH DATA ELEMENTS

  • fixed length control field: 170508|| aca||aabn | a|a d

040 ## - CATALOGING SOURCE

  • Original cataloging agency: OSt
  • Transcribing agency: OSt

100 ## - HEADING--PERSONAL NAME

  • Personal name: Abdul Rahman Mat Ismail

670 ## - SOURCE DATA FOUND

  • Source citation: Work cat.: (OSt)0: Ghazzali, 1058-1111 1520, Bukan golongan sembahyang :, 1995
Pusat Sumber Maklumat Dato' Haji Sarmin Md Hussin, Akademi Kastam Diraja Malaysia, Melaka
Tel: 06-2331106 | Faks: 06-2313787